000 00301nam a22001457a 4500
008 221109b ||||| |||| 00| 0 eng d
020 _a9780142405963
041 _aeng
080 _a94
082 _a94BRU
100 _a28
101 _aHIS
245 _aCODE TALKER
_cBRUCHAC J
942 _2udc
_cBK
999 _c58826
_d58826